000 00675nam a2200277 a 4500
003 AR-BaBNM
005 20251128205638.0
008 082120s2002 ||||||||||||||000 | spa||
020 _a950-534-243-8
040 _cAR-BaBNM
100 1 _aCabal, Graciela Beatriz
245 0 0 _aHuevos de Pascua
250 _a1ª ed.
260 _aBuenos Aires
_bA-Z editora
_c1994
300 _bil.
490 0 _aSerie del boleto
650 4 _aCUENTOS
650 4 _aLITERATURA INFANTIL
650 4 _aLIBROS PARA NIÑOS
650 4 _aCUENTOS DE AVENTURAS
651 4 _aEspaña
655 _aLITERATURA
700 1 _aHilb, Nora
_eilustrador
942 _cBK
998 _cCARMEN
999 _c12217
_d12217